|
|
|
|
| LEADER |
00000nam a2200000 a 4500 |
| 001 |
vtls010323643 |
| 003 |
SK-MaSNL |
| 005 |
20260302082333.0 |
| 008 |
240314s2011 xxuha n 001 0 eng |
| 015 |
|
|
|a SNBZSA2012-00831
|
| 020 |
|
|
|a 9781441134127
|q (viaz.)
|
| 035 |
|
|
|a ACFDD7C5-FA6E-49CB-A41D-54D3AA99ED9E
|
| 035 |
|
|
|a urn:nbn:sk:snk-amlbsj
|
| 035 |
|
|
|a urn:nbn:sk:snk-am0092c8
|
| 040 |
|
|
|a SNK
|b slo
|c SNK
|e AACR2
|
| 041 |
0 |
|
|a slo
|
| 043 |
|
|
|a n-us---
|
| 044 |
|
|
|a xxu
|c US
|
| 072 |
|
7 |
|a 070
|x Noviny. Tlač. Žurnalistika
|2 konspekt
|
| 080 |
|
|
|a 070:323.113(=162.4)(73)
|2 2001
|
| 080 |
|
|
|a 323.113(=162.4)(73)
|2 2001
|
| 080 |
|
|
|a 316.347(=162.4)(73)
|2 2001
|
| 080 |
|
|
|a 323.14(73)
|2 2001
|
| 100 |
1 |
|
|a Zecker, Robert M.,
|d 1962-
|4 aut
|9 661985
|
| 245 |
1 |
0 |
|a Race and America's immigrant press
|b how the Slovaks were taught to think like white people
|c Robert M. Zecker
|
| 260 |
|
|
|a New York
|b Continuum
|c 2011
|
| 300 |
|
|
|a xii, 348 s.
|b ilustr.
|c 24 cm
|
| 504 |
|
|
|a Bibliogr. s. 309-328. Reg.
|
| 650 |
0 |
7 |
|a Slováci
|z Spojené štáty americké
|x dejiny
|2 snkph
|9 13823
|
| 650 |
0 |
7 |
|a slovenské noviny
|z Spojené štáty americké
|x dejiny
|2 snkph
|9 748910
|
| 650 |
0 |
7 |
|a Slováci
|z Spojené štáty americké
|x národná identita
|2 snkph
|9 748911
|
| 650 |
0 |
7 |
|a imigranti
|z Spojené štáty americké
|x sociálne pomery
|2 snkph
|9 748912
|
| 650 |
0 |
7 |
|a Slováci
|z Spojené štáty americké
|x sociálne pomery
|2 snkph
|9 748913
|
| 650 |
0 |
7 |
|a rasizmus v tlači
|z Spojené štáty americké
|2 snkph
|9 748914
|
| 650 |
0 |
7 |
|a tlač
|x imigranti
|z Spojené štáty americké
|2 snkph
|9 748915
|
| 650 |
0 |
7 |
|a rasizmus
|z Spojené štáty americké
|2 snkph
|9 748916
|
| 655 |
|
7 |
|a monografie
|2 snkph
|9 70139
|
| 919 |
|
|
|a 978-1-4411-3412-7
|
| 958 |
|
|
|a ZS
|
| 958 |
|
|
|a US
|
| 958 |
|
|
|a NM
|
| 999 |
|
|
|c 1179713
|d 1181643
|
| 952 |
|
|
|a SNK
|b SNK
|y PREZ
|7 0
|p 17A0771223
|o snkSC 147179
|i snk2011/22660
|8 3
|g 106.26
|0 0
|1 0
|4 0
|d 2011-11-11
|f 1
|l 0
|r 2025-07-16 00:00:00
|w 2026-02-24
|
| 952 |
|
|
|t snkZEC 323.113(73)
|a SNKUST
|b SNKUST
|y PREZ
|7 0
|p 17A1040291
|o snkSC 147179 D1
|i snk2012/19990
|8 3
|g 107.50
|0 0
|1 0
|4 0
|d 2012-10-08
|l 0
|r 2025-04-30 00:00:00
|w 2026-02-24
|